Sauve la France - Départements - Statistiques

Statistiques générales
  • Ce quiz a été pris 69 fois
  • Le résultat moyen est 68 sur 101
Réponses sur la Carte
Les réponses sont colorées sur une échelle allant du rouge au vert en fonction du pourcentage des utilisateurs qui les ont devinées à leur premier essai. Vous pouvez retrouver ces pourcentages ci-dessous.
 
Statistiques - réponses
Ile-De-France % Correct
Nord
90%
Paris
90%
Loire
88%
Finistère
86%
Ain
84%
Haute-Corse
84%
Corse-du-Sud
82%
Guyane
80%
La Réunion
80%
Manche
80%
Martinique
78%
Seine-et-Marne
78%
Seine-Saint-Denis
78%
Var
78%
Aisne
76%
Alpes-Maritimes
76%
Bas-Rhin
76%
Guadeloupe
76%
Haute-Savoie
76%
Moselle
76%
Pas-de-Calais
76%
Yvelines
76%
Côtes-d'Armor
73%
Haut-Rhin
73%
Marne
73%
Oise
73%
Pyrénées-Orientales
73%
Rhône
73%
Ardèche
71%
Bouches-du-Rhône
71%
Calvados
71%
Gard
71%
Meurthe-et-Moselle
71%
Meuse
71%
Savoie
71%
Charente
69%
Charente-Maritime
69%
Essonne
69%
Jura
69%
Loire-Atlantique
69%
Mayotte
69%
Seine-Maritime
69%
Aube
67%
Cantal
67%
Côte-d'Or
67%
Hautes-Alpes
67%
Hautes-Pyrénées
67%
Hauts-de-Seine
67%
Hérault
67%
Indre
67%
Indre-et-loire
67%
Loiret
67%
Loir-et-Cher
67%
Somme
67%
Val-de-Marne
67%
Vendée
67%
Alpes-de-Haute-Provence
65%
Ardennes
65%
Cher
65%
Drôme
65%
Haute-Garonne
65%
Isère
65%
Morbihan
65%
Tarn
65%
Territoire de Belfort
65%
Puy-de-Dôme
63%
Pyrénées-Atlantiques
63%
Tarn-et-Garonne
63%
Vaucluse
63%
Vosges
63%
Ariège
61%
Deux-Sèvres
61%
Dordogne
61%
Eure
61%
Gironde
61%
Haute-Loire
61%
Haute-Marne
61%
Mayenne
61%
Sarthe
61%
Val-d'Oise
61%
Aude
59%
Haute-Saône
59%
Ille-et-Vilaine
59%
Saône-et-Loire
59%
Allier
57%
Aveyron
57%
Eure-et-Loire
57%
Gers
57%
Maine-et-Loire
57%
Orne
57%
Vienne
57%
Corrèze
55%
Creuse
55%
Doubs
55%
Lot
55%
Lot-et-Garonne
55%
Landes
53%
Lozère
53%
Haute-Vienne
51%
Nièvre
51%
Yonne
45%
Aucun quiz correspondant
Distribution des résultats
% des personnes avec chaque résultat
Percentile par nombre de réponses
Votre historique - résultats
Vous n’avez pas pris ce quiz